Welcome to CU Library Online Public Access Catalogue (OPAC)

Christian marriage & family : (Record no. 4495)

MARC details
000 -LEADER
fixed length control field 00703pam a2200217 a 4500
001 - CONTROL NUMBER
control field 2422009
005 - DATE AND TIME OF LATEST TRANSACTION
control field 20250303164051.0
008 - FIXED-LENGTH DATA ELEMENTS--GENERAL INFORMATION
fixed length control field 870718s1988 tnu b 001 0 eng
020 ## - INTERNATIONAL STANDARD BOOK NUMBER
International Standard Book Number 0687074517 (alk. paper)
050 00 - LIBRARY OF CONGRESS CALL NUMBER
Classification number BV4438
Item number .P38 1988
082 00 - DEWEY DECIMAL CLASSIFICATION NUMBER
Classification number 259
Edition information 19
100 1# - MAIN ENTRY--PERSONAL NAME
Personal name Patton, John,
Dates associated with a name 1930-
245 10 - TITLE STATEMENT
Title Christian marriage & family :
Remainder of title caring for our generations /
Statement of responsibility, etc. John Patton & Brian H. Childs.
260 ## - PUBLICATION, DISTRIBUTION, ETC.
Place of publication, distribution, etc. Nashville :
Name of publisher, distributor, etc. Abingdon Press,
Date of publication, distribution, etc. c1988.
300 ## - PHYSICAL DESCRIPTION
Extent 236 p. ;
Dimensions 22 cm.
650 #0 - SUBJECT ADDED ENTRY--TOPICAL TERM
Topical term or geographic name entry element Families
General subdivision Pastoral counseling of.
650 #0 - SUBJECT ADDED ENTRY--TOPICAL TERM
Topical term or geographic name entry element Families
General subdivision Religious life.
650 #0 - SUBJECT ADDED ENTRY--TOPICAL TERM
Topical term or geographic name entry element Marriage
General subdivision Religious aspects
-- Christianity.
700 1# - ADDED ENTRY--PERSONAL NAME
Personal name Childs, Brian H.,
Dates associated with a name 1947-
942 ## - ADDED ENTRY ELEMENTS (KOHA)
Source of classification or shelving scheme Library of Congress Classification
Koha item type Books
Suppress in OPAC No
999 ## -
-- 4495
-- 4495
Holdings
Withdrawn status Lost status Source of classification or shelving scheme Damaged status Not for loan Collection Home library Current library Shelving location Date acquired Total checkouts Full call number Barcode Date last seen Copy number Price effective from Koha item type
    Dewey Decimal Classification     Non-fiction Graduate Library (Christ Temple) Graduate Library (Christ Temple) General stacks 03/03/2025   BV 4438 PAT GSCT00000588 03/03/2025 1 03/03/2025 Books
© 2023-2024 Copyright: Central University Libraries. All Rights Reserved | Created by: Mahone Tech Office